header

Gregory of Nyssa (Record no. 31519)

MARC details
000 -LEADER
fixed length control field 01486nam a2200373 a 4500
082 04 - DEWEY DECIMAL CLASSIFICATION NUMBER
Classification number 270.2/092
100 1# - MAIN ENTRY--AUTHOR NAME
Personal name Meredith, Anthony.
245 10 - TITLE STATEMENT
Title Gregory of Nyssa
260 ## - PUBLICATION, DISTRIBUTION, ETC. (IMPRINT)
Place of publication London ;
-- New York :
Name of publisher Routledge,
Year of publication 2003.
300 ## - PHYSICAL DESCRIPTION
Number of Pages ix, 166 p.
490 1# - SERIES STATEMENT
Series statement The early church fathers
500 ## - GENERAL NOTE
General note Includes translations of selections of Gregory's writings, with notes, commentary, and introduction.
650 #0 - SUBJECT ADDED ENTRY--TOPICAL TERM
Topical Term Theology, Doctrinal.
700 0# - ADDED ENTRY--PERSONAL NAME
Personal name Gregory,
856 40 - ELECTRONIC LOCATION AND ACCESS
Uniform Resource Identifier http://site.ebrary.com/lib/rucke/Doc?id=10070709

No items available.

© 2026 Rongo University
Contact us: librarian | system librarian | Rongo university